000 00838nam a22002531u 4500
001 05900
003 HDC
007 cr bn ---aaaaa
008 210121p2017 | d 00 mayg
040 _aHDC
110 _aMalaysia.
_bJabatan Perangkaan
_eissuing body
245 0 _aLaporan Sosioekonomi Negeri 2017
260 _a[no place] :
_b[publisher not identified],
_c2017
300 _a 1 online resource (5 pages)
336 _atext
_2rdacontent
337 _acomputer
_2rdamedia
338 _aonline resource
_2rdacarrier
650 _aPrestasi ekonomi
_96219
650 _asosioekonomi
_96220
856 _zRequest full-text at [email protected]
942 _2lcc
942 _cEIS
942 _kREPT 000220
999 _c3224
_d3224